| 000 | 00793cam a22002171a 4500 | ||
|---|---|---|---|
| 001 | AUC_OC_380225 | ||
| 003 | SA-RiAUC | ||
| 005 | 20150408113827.0 | ||
| 008 | 050412s2010 su a g 00010 ara c | ||
| 020 | _z978603805220 | ||
| 040 |
_amb _cmb |
||
| 041 | 1 |
_aara _hund |
|
| 082 | 0 | 4 |
_a158.1 _221 |
| 100 | 1 |
_aمارتن، كارلي _922 |
|
| 245 | 1 | 0 |
_aمفاتيح النجاح : _bكل ما تحتاجه من أجل مستقبل أفضل / _cتأليف كارلي مارتن ؛ تعريب طلعت أسعد عبد الحميد. |
| 260 |
_aالرياض : _bمكتبة الشقري، _c2010 |
||
| 300 |
_a288 ص. : _bإيض. ؛ _c24 سم. |
||
| 650 | 7 |
_aالنجاح _xجوانب نفسية _2aucsh _923 |
|
| 700 | 1 |
_aعبد الحميد، طلعت أسعد _eمعرب. _921 |
|
| 942 |
_2ddc _cDVD |
||
| 999 |
_c7885 _d242385 |
||